000 00273nam a22001217a 4500
008 171123b xxu||||| |||| 00| 0 eng d
041 _aeng
080 _28TH
_a573
100 _a11
101 _aBIO
245 _aDETERMINATIVE BACTERIOLOGY
_cBUCHANAN,R.E
942 _2udc
_cBK
999 _c38378
_d38378